[Event "Eastman Gent Open 2018"]
[Site "KGSRL Gent"]
[Date "2018.07.16"]
[Round "5.10"]
[White "Smekens, R."]
[Black "Hamblok, Roel"]
[Result "0-1"]
[WhiteElo "2065"]
[BlackElo "2286"]
[PlyCount "68"]
[EventDate "2018.??.??"]

1. e4 c6 2. d4 d5 3. Nc3 dxe4 4. Nxe4 Nd7 5. Bc4 Ngf6 6. Ng3 e6 7. Nf3 Be7 8.
Qe2 O-O 9. Bd2 a6 10. O-O b5 11. Bxe6 fxe6 12. Qxe6+ Kh8 13. Ng5 Nc5 14. Qe2
Ng4 15. Nxh7 Kxh7 16. dxc5 Bxc5 17. Qe4+ Kh8 18. Be3 Nxe3 19. fxe3 Bd7 20. Kh1
Qg5 21. Rf4 Rxf4 22. exf4 Qh6 23. Rd1 Re8 24. Qd3 Bg4 25. Rf1 Qe6 26. f5 Qd5
27. Qxd5 cxd5 28. h3 Re3 29. f6 Be6 30. Nh5 g6 31. Ng7 Bf7 32. c3 Bd6 33. Rd1
Bg3 34. h4 Bxh4 0-1

[Event "Eastman Gent Open 2018"]
[Site "KGSRL Gent"]
[Date "2018.07.16"]
[Round "5.11"]
[White "van de Lisdonk, Lucien"]
[Black "Stone, Andrew"]
[Result "1/2-1/2"]
[WhiteElo "2092"]
[BlackElo "2157"]
[PlyCount "71"]
[EventDate "2018.??.??"]

1. e4 e6 2. b3 d5 3. Bb2 dxe4 4. Nc3 Nf6 5. f3 exf3 6. Nxf3 b6 7. Bb5+ c6 8.
Bd3 Nbd7 9. O-O Be7 10. Qe1 Qc7 11. Qh4 Bb7 12. Rae1 O-O-O 13. Qh3 h6 14. Ne4
Nxe4 15. Bxe4 Bf6 16. d4 Nc5 17. c3 Nxe4 18. Rxe4 c5 19. Ree1 Bxf3 20. Qxf3 Kb8
21. Re4 cxd4 22. cxd4 Qb7 23. Qf4+ Ka8 24. Re2 Rd7 25. Rc2 Qd5 26. Rc4 Bg5 27.
Qg3 f5 28. Re1 Bf6 29. Rec1 Rhd8 30. Rc8+ Rxc8 31. Rxc8+ Kb7 32. Qb8+ Ka6 33.
Rc4 Qb7 34. Qe8 Qd5 35. Qc8+ Rb7 36. Bc3 1/2-1/2

[Event "Eastman Gent Open 2018"]
[Site "KGSRL Gent"]
[Date "2018.07.16"]
[Round "5.12"]
[White "Windelband, Jens"]
[Black "Muradet Casadevall, Albert"]
[Result "1/2-1/2"]
[WhiteElo "2081"]
[BlackElo "2148"]
[PlyCount "105"]
[EventDate "2018.??.??"]

1. e4 Nf6 2. e5 Nd5 3. c4 Nb6 4. c5 Nd5 5. Bc4 e6 6. Nc3 Nxc3 7. dxc3 Qh4 8.
Qe2 Bxc5 9. Nf3 Qd8 10. Bg5 Be7 11. h4 d5 12. O-O-O Bd7 13. Bd3 Nc6 14. Rh3 O-O
15. Bxe7 Qxe7 16. Bxh7+ Kh8 17. Bc2 f5 18. Ng5 Be8 19. f4 b5 20. g4 b4 21. gxf5
exf5 22. Rxd5 bxc3 23. Rxc3 Nb4 24. Ra5 Nxc2 25. Rxc2 Qb4 26. Qd2 Qb6 27. Kb1
Bb5 28. Ra3 Bc6 29. Rb3 Qa6 30. Rbc3 Be4 31. Nxe4 fxe4 32. Rxc7 Rad8 33. Qc1
Qg6 34. R2c6 Qf5 35. Qg1 Rd7 36. Rxd7 Qxd7 37. Rd6 Qf5 38. Qe3 Kg8 39. a3 Qxf4
40. Qxf4 Rxf4 41. e6 Kf8 42. Kc2 Ke7 43. Rd7+ Kxe6 44. Rxg7 a5 45. h5 Ke5 46.
Kd2 Rf2+ 47. Ke3 Rf3+ 48. Ke2 Rb3 49. Rg5+ Kd4 50. Rxa5 Rxb2+ 51. Kf1 Ke3 52.
h6 Rh2 53. Ra6 1/2-1/2

[Event "Eastman Gent Open 2018"]
[Site "KGSRL Gent"]
[Date "2018.07.16"]
[Round "5.13"]
[White "Pienski, Olaf"]
[Black "Hunhdorf, Arnold"]
[Result "1/2-1/2"]
[WhiteElo "2089"]
[BlackElo "2234"]
[PlyCount "44"]
[EventDate "2018.??.??"]

1. e4 c5 2. Nf3 g6 3. d4 cxd4 4. Nxd4 Nc6 5. c4 Nf6 6. Nc3 d6 7. Be2 Nxd4 8.
Qxd4 Bg7 9. Be3 O-O 10. Qd2 Be6 11. O-O Qa5 12. Rac1 Rfc8 13. b3 a6 14. f3 b5
15. Nd5 Qxd2 16. Bxd2 Nxd5 17. cxd5 Bd7 18. Rxc8+ Rxc8 19. Rc1 Bd4+ 20. Kf1
Rxc1+ 21. Bxc1 f5 22. Bd3 fxe4 1/2-1/2

[Event "Eastman Gent Open 2018"]
[Site "KGSRL Gent"]
[Date "2018.07.16"]
[Round "6.1"]
[White "Epishin, Vladimir"]
[Black "Moradiabadi, Elshan"]
[Result "1/2-1/2"]
[WhiteElo "2541"]
[BlackElo "2538"]
[PlyCount "41"]
[EventDate "2018.??.??"]

1. d4 d5 2. Nf3 Nf6 3. c4 c6 4. Qb3 e6 5. Bg5 Be7 6. e3 Nbd7 7. Nc3 O-O 8. Be2
b6 9. O-O Bb7 10. Rfd1 dxc4 11. Bxc4 Nd5 12. Bxe7 Qxe7 13. a4 Nxc3 14. bxc3 c5
15. Be2 Rab8 16. Qa3 Rfe8 17. Ne1 Bc6 18. Bf1 h6 19. Nc2 Nf6 20. Qb3 Red8 21.
c4 1/2-1/2

[Event "Eastman Gent Open 2018"]
[Site "KGSRL Gent"]
[Date "2018.07.16"]
[Round "6.2"]
[White "Malakhatko, Vadim"]
[Black "Foisor, Sabina"]
[Result "1-0"]
[WhiteElo "2499"]
[BlackElo "2285"]
[PlyCount "141"]
[EventDate "2018.??.??"]

1. c4 c6 2. Nf3 d5 3. e3 Nf6 4. Nc3 g6 5. d4 Bg7 6. Be2 O-O 7. O-O Bg4 8. cxd5
cxd5 9. Qb3 Bc8 10. Bd2 Nc6 11. Rfc1 a6 12. Na4 Ra7 13. Qb6 Nd7 14. Qb3 Nf6 15.
h3 Ne4 16. Be1 Qd6 17. Nb6 Be6 18. a4 f5 19. a5 f4 20. Rd1 Bh6 21. exf4 Bxf4
22. Ra4 Qd8 23. Bd3 Bf7 24. Qc2 Nf6 25. Qb3 Bc7 26. Ng5 Qd6 27. g3 Bxb6 28.
axb6 Raa8 29. Bd2 Be8 30. Re1 e5 31. dxe5 Nxe5 32. Rd4 Nc6 33. Rh4 Bd7 34. Bf4
Qb4 35. Qxb4 Nxb4 36. Bf1 Nc6 37. Rd1 Kg7 38. Nf3 Kg8 39. Bg2 Ne7 40. Be5 Nf5
41. Rf4 Nh5 42. Rg4 Nf6 43. Bxf6 Rxf6 44. Ne5 Be6 45. Rb4 Rd8 46. Rc1 Bc8 47.
Rc7 Ng7 48. Rxc8 Rxc8 49. Bxd5+ Kh8 50. Nf7+ Rxf7 51. Bxf7 Nf5 52. Be6 Rc1+ 53.
Kg2 Nd6 54. Bd5 Rc5 55. Bf3 Rb5 56. Rxb5 axb5 57. Bd5 Kg7 58. f4 Kf6 59. Kf3 h6
60. Ke3 Nc8 61. Bxb7 Nxb6 62. Kd4 g5 63. fxg5+ hxg5 64. b3 g4 65. hxg4 Kg5 66.
Bf3 Nd7 67. Kd5 b4 68. Kd6 Nf8 69. Kc5 Ne6+ 70. Kxb4 Nd4 71. Bd1 1-0

[Event "Eastman Gent Open 2018"]
[Site "KGSRL Gent"]
[Date "2018.07.16"]
[Round "6.3"]
[White "Sarrau, Jelle"]
[Black "Docx, Stefan"]
[Result "1/2-1/2"]
[WhiteElo "2366"]
[BlackElo "2450"]
[PlyCount "55"]
[EventDate "2018.??.??"]

1. Nf3 Nf6 2. c4 g6 3. g3 Bg7 4. Bg2 O-O 5. O-O d6 6. d4 Nbd7 7. Nc3 e5 8. e4
c6 9. h3 Qb6 10. c5 dxc5 11. dxe5 Ne8 12. Bg5 Nxe5 13. Be7 Qxb2 14. Rc1 b6 15.
Nxe5 Bxe5 16. Qc2 Qxc2 17. Rxc2 Nc7 18. Bxf8 Kxf8 19. f4 Bxc3 20. Rxc3 Nb5 21.
Rcc1 Nd4 22. Rf2 Ke7 23. Rb2 Be6 24. Bf1 h5 25. Kf2 c4 26. Bxc4 Bxh3 27. Ke3 c5
28. Bd5 1/2-1/2

[Event "Eastman Gent Open 2018"]
[Site "KGSRL Gent"]
[Date "2018.07.16"]
[Round "6.4"]
[White "Michiels, Bart"]
[Black "Middelhoven, Hein"]
[Result "1-0"]
[WhiteElo "2554"]
[BlackElo "2212"]
[PlyCount "65"]
[EventDate "2018.??.??"]

1. c4 f5 2. Nf3 Nf6 3. g3 e6 4. Bg2 c6 5. O-O d5 6. d3 Bd6 7. Nc3 O-O 8. e4 e5
9. cxd5 cxd5 10. exd5 Na6 11. Re1 Re8 12. Nb5 Bb4 13. Bd2 Bxd2 14. Nxd2 Qb6 15.
a4 Bd7 16. Nc4 Qc5 17. Nbd6 Reb8 18. Rxe5 Qd4 19. Nxf5 Bxf5 20. Rxf5 Rf8 21.
Rf4 Qc5 22. Qb3 Qb4 23. Qxb4 Nxb4 24. d6 Nxd3 25. Rd4 Nc5 26. Na5 Rae8 27. b4
Ne6 28. Rd2 b6 29. Nc6 Nd8 30. Nxa7 Ne4 31. d7 Nxd2 32. dxe8=B Rxe8 33. Rd1 1-0

[Event "Eastman Gent Open 2018"]
[Site "KGSRL Gent"]
[Date "2018.07.16"]
[Round "6.5"]
[White "Venkataraman, Karthik"]
[Black "Dauw, Sterre"]
[Result "1-0"]
[WhiteElo "2514"]
[BlackElo "2192"]
[PlyCount "45"]
[EventDate "2018.??.??"]

1. d4 Nf6 2. c4 c5 3. d5 e6 4. Nc3 exd5 5. cxd5 d6 6. Nf3 g6 7. e4 Bg7 8. Be2
O-O 9. Nd2 Re8 10. O-O Nbd7 11. a4 Ne5 12. Ra3 g5 13. f4 gxf4 14. Rxf4 Ng6 15.
Rf2 Nd7 16. Nc4 Nde5 17. Ne3 Ne7 18. Bb5 Rf8 19. Qh5 a6 20. Bf1 Bd7 21. Nf5
Nxf5 22. exf5 b5 23. Ne4 1-0

[Event "Eastman Gent Open 2018"]
[Site "KGSRL Gent"]
[Date "2018.07.16"]
[Round "6.6"]
[White "Vinke, Maarten"]
[Black "Arman, Deniz"]
[Result "1/2-1/2"]
[WhiteElo "2138"]
[BlackElo "2366"]
[PlyCount "76"]
[EventDate "2018.??.??"]

1. e4 d5 2. exd5 Qxd5 3. Nc3 Qd6 4. d4 Nf6 5. Bc4 a6 6. Nge2 b5 7. Bb3 Bb7 8.
Bf4 Qd8 9. O-O e6 10. Ng3 c5 11. dxc5 Qxd1 12. Raxd1 Nbd7 13. Rfe1 Nxc5 14. Nf5
Nxb3 15. axb3 b4 16. Na4 Be4 17. Nb6 Rd8 18. Rxd8+ Kxd8 19. Rd1+ Ke8 20. Nd6+
Bxd6 21. Bxd6 Nd5 22. Nxd5 exd5 23. Rd2 f6 24. Bxb4 Kf7 25. c3 Rd8 26. f3 Bf5
27. Kf2 Be6 28. Rd4 Rb8 29. Ke3 Rb5 30. Ba3 Rxb3 31. Rb4 Rxb4 32. Bxb4 Bd7 33.
Kd4 Ke6 34. Bf8 g5 35. g3 h5 36. b4 Bb5 37. Ke3 Bc4 38. Bc5 Kf5 1/2-1/2

[Event "Eastman Gent Open 2018"]
[Site "KGSRL Gent"]
[Date "2018.07.16"]
[Round "6.7"]
[White "Froeyman, Helmut"]
[Black "Guelsen, Taylan"]
[Result "1-0"]
[WhiteElo "2290"]
[BlackElo "2180"]
[PlyCount "75"]
[EventDate "2018.??.??"]

1. e4 e5 2. Nf3 Nc6 3. Bb5 a6 4. Ba4 Nf6 5. O-O Be7 6. Re1 b5 7. Bb3 d6 8. c3
Nb8 9. d4 Nbd7 10. Nbd2 Bb7 11. Bc2 O-O 12. Nf1 Re8 13. Ng3 g6 14. a4 Bf8 15.
h3 Bg7 16. Bd3 c6 17. Be3 h6 18. Qd2 Kh7 19. b3 Qc7 20. dxe5 dxe5 21. c4 bxa4
22. c5 axb3 23. Bc4 Nf8 24. Qc3 Nd5 25. exd5 cxd5 26. Bxb3 d4 27. Nxd4 exd4 28.
Bxd4 Qc6 29. f3 Bxd4+ 30. Qxd4 Ne6 31. Bxe6 Rxe6 32. Ne4 Rae8 33. Nf6+ Rxf6 34.
Rxe8 Qxe8 35. Qxf6 Qe3+ 36. Kh2 Bd5 37. Qd6 Bxf3 38. Rf1 1-0

[Event "Eastman Gent Open 2018"]
[Site "KGSRL Gent"]
[Date "2018.07.16"]
[Round "6.8"]
[White "Verhelst, Joris"]
[Black "Kett, Tim"]
[Result "0-1"]
[WhiteElo "2098"]
[BlackElo "2231"]
[PlyCount "74"]
[EventDate "2018.??.??"]

1. c4 e5 2. g3 Nf6 3. Bg2 d6 4. Nc3 g6 5. d3 Bg7 6. Nf3 O-O 7. O-O Nbd7 8. Rb1
Nc5 9. b4 Ne6 10. Qc2 Nh5 11. c5 d5 12. e4 dxe4 13. dxe4 Nd4 14. Nxd4 exd4 15.
Nd5 d3 16. Qd2 c6 17. Ne3 Be6 18. f4 Bd4 19. f5 Bc4 20. Rf2 Bb5 21. a4 Bxa4 22.
Qxd3 Bb5 23. Qd2 a5 24. g4 Nf6 25. Bb2 Bxb2 26. Qxb2 Qd3 27. Rd1 Qxe3 28. Qxf6
axb4 29. fxg6 hxg6 30. Kh1 Qc3 31. e5 Ra1 32. Rxa1 Qxa1+ 33. Bf1 b3 34. Rf3
Bxf1 35. Rxf1 Qd4 36. e6 Qxf6 37. Rxf6 b2 0-1

[Event "Eastman Gent Open 2018"]
[Site "KGSRL Gent"]
[Date "2018.07.16"]
[Round "6.9"]
[White "Hamblok, Roel"]
[Black "Roos, David"]
[Result "1-0"]
[WhiteElo "2286"]
[BlackElo "2142"]
[PlyCount "91"]
[EventDate "2018.??.??"]

1. Nf3 Nf6 2. c4 g6 3. Nc3 Bg7 4. e4 d6 5. d4 O-O 6. Be2 e5 7. d5 Nbd7 8. O-O
Nh5 9. Re1 h6 10. Be3 Nf4 11. Bf1 Nf6 12. Qd2 g5 13. Qc2 Bg4 14. Nd2 Bd7 15. b4
Ng4 16. c5 f5 17. Rad1 Nxg2 18. Bxg2 f4 19. Nc4 fxe3 20. fxe3 Qe7 21. c6 bxc6
22. dxc6 Bxc6 23. Na5 Qe8 24. Nxc6 Qxc6 25. Bh3 h5 26. Bxg4 hxg4 27. b5 Qc4 28.
Rc1 Rf7 29. Nd5 Qxc2 30. Rxc2 Rc8 31. Rec1 a6 32. Rxc7 Rcxc7 33. Rxc7 axb5 34.
Rxf7 Kxf7 35. Nc7 Ke7 36. Nxb5 d5 37. exd5 e4 38. a4 Be5 39. a5 Kd7 40. a6 Kc8
41. Kg2 Kb8 42. d6 g3 43. d7 Bf6 44. Kxg3 Ka8 45. Kg4 Be5 46. d8=Q+ 1-0

[Event "Eastman Gent Open 2018"]
[Site "KGSRL Gent"]
[Date "2018.07.16"]
[Round "6.10"]
[White "Abolianin, Arthur"]
[Black "Slijper, Thomas"]
[Result "1-0"]
[WhiteElo "2327"]
[BlackElo "1919"]
[PlyCount "65"]
[EventDate "2018.??.??"]

1. g3 c5 2. Bg2 g6 3. c4 Bg7 4. Nc3 Nc6 5. Nh3 e6 6. Nf4 Nge7 7. h4 h6 8. d3 a6
9. Bd2 Rb8 10. Ne4 d6 11. Bc3 Bxc3+ 12. bxc3 Nf5 13. a4 O-O 14. Nd2 Bd7 15. O-O
Nce7 16. e4 Ng7 17. a5 Bc6 18. Re1 b5 19. axb6 Rxb6 20. Ra2 Qa8 21. Qa1 Rfb8
22. d4 cxd4 23. cxd4 Qb7 24. Nd3 Ra8 25. d5 Bd7 26. c5 dxc5 27. Nc4 Rb4 28.
Nxb4 cxb4 29. Rb1 exd5 30. exd5 Ngf5 31. d6 Nd5 32. Qe5 Be6 33. Ra5 1-0

[Event "Eastman Gent Open 2018"]
[Site "KGSRL Gent"]
[Date "2018.07.16"]
[Round "6.12"]
[White "van der Linden, Hans"]
[Black "Lammens, Tim"]
[Result "0-1"]
[WhiteElo "2117"]
[BlackElo "2293"]
[PlyCount "76"]
[EventDate "2018.??.??"]

1. d4 g6 2. c4 Bg7 3. Nc3 c5 4. d5 Bxc3+ 5. bxc3 f5 6. e4 fxe4 7. f3 e5 8. fxe4
Qh4+ 9. Kd2 Nf6 10. Nf3 Nxe4+ 11. Kc2 Qe7 12. Bd3 Nf2 13. Qe2 Nxd3 14. Bg5 Qg7
15. Kxd3 d6 16. Nd2 h6 17. Be3 Bf5+ 18. Ne4 Nd7 19. g4 Bxe4+ 20. Kxe4 O-O-O 21.
Kd3 e4+ 22. Kc2 Ne5 23. a4 Rhf8 24. Kb3 Rf3 25. Bd2 Rd3 26. Rac1 Qc7 27. Bxh6
Qb6+ 28. Kc2 Qa6 29. Qxe4 Qxa4+ 30. Kb1 Nxc4 31. Qe2 Qb3+ 32. Ka1 Rd2 33. Qxd2
Nxd2 34. Bxd2 Qa3+ 35. Kb1 Qb3+ 36. Ka1 Qxd5 37. Rcd1 Qb3 38. Rhf1 Re8 0-1

[Event "Eastman Gent Open 2018"]
[Site "KGSRL Gent"]
[Date "2018.07.16"]
[Round "6.13"]
[White "Stone, Andrew"]
[Black "Schelvis, Richard"]
[Result "1-0"]
[WhiteElo "2157"]
[BlackElo "2100"]
[PlyCount "115"]
[EventDate "2018.??.??"]

1. c4 Nf6 2. Nc3 e5 3. Nf3 Nc6 4. e3 h6 5. d4 exd4 6. Nxd4 Nxd4 7. Qxd4 Bb4 8.
a3 Bxc3+ 9. Qxc3 O-O 10. b4 d5 11. Bb2 Be6 12. Rd1 c6 13. cxd5 Bxd5 14. Bc4 Qe7
15. Bxd5 cxd5 16. O-O Rac8 17. Qe5 Qe6 18. Qg3 Rc2 19. Bxf6 Qxf6 20. Rxd5 Rfc8
21. Rfd1 Ra2 22. Rd6 Ra1 23. h3 Qc3 24. Qg4 Rxd1+ 25. Rxd1 Rc7 26. Rd8+ Kh7 27.
Qe4+ g6 28. Qd4 g5 29. Rh8+ Kg6 30. Rg8+ Kh7 31. Rg7+ Kh8 32. Qxc3 Rxc3 33.
Rxf7 Rxa3 34. Rxb7 a6 35. Kh2 Rb3 36. Rb6 Kg7 37. g4 Rb2 38. Kg3 Rb3 39. h4
gxh4+ 40. Kxh4 Rb1 41. Kg3 Rb3 42. Kf4 Ra3 43. Kf5 a5 44. Rb7+ Kf8 45. bxa5
Rxa5+ 46. Kf4 h5 47. gxh5 Rxh5 48. e4 Ra5 49. e5 Ra6 50. Kf5 Rc6 51. f4 Rh6 52.
e6 Rh5+ 53. Kg6 Rh2 54. f5 Ke8 55. f6 Rg2+ 56. Kh5 Rh2+ 57. Kg4 Rf2 58. Rb8#
1-0

[Event "Eastman Gent Open 2018"]
[Site "KGSRL Gent"]
[Date "2018.07.17"]
[Round "8.1"]
[White "Epishin, Vladimir"]
[Black "Malakhatko, Vadim"]
[Result "1/2-1/2"]
[WhiteElo "2541"]
[BlackElo "2499"]
[PlyCount "119"]
[EventDate "2018.??.??"]

1. Nf3 d5 2. e3 Nf6 3. c4 e6 4. d4 Be7 5. a3 dxc4 6. Bxc4 c5 7. O-O O-O 8. dxc5
Qxd1 9. Rxd1 Bxc5 10. Nc3 a6 11. Be2 Nbd7 12. Nd4 Ne5 13. b4 Ba7 14. b5 Bd7 15.
bxa6 bxa6 16. Bd2 Bc5 17. Be1 Rfc8 18. h3 Be7 19. a4 Bb4 20. Ne4 Bxe1 21. Nxf6+
gxf6 22. Rxe1 a5 23. Reb1 Be8 24. Bb5 Nc6 25. Nb3 Ne5 26. Bxe8 Rxe8 27. Nd4
Reb8 28. g4 Nd3 29. Nc6 Rxb1+ 30. Rxb1 Nc5 31. Rb5 Nxa4 32. Rxa5 Rxa5 33. Nxa5
Nc5 34. Nc4 Kg7 35. Kg2 Nd3 36. f4 f5 37. Kf3 fxg4+ 38. hxg4 f5 39. g5 h6 40.
gxh6+ Kxh6 41. Ke2 Nc5 42. Kd2 Kg7 43. Kc3 Kf6 44. Ne5 Ke7 45. Kc4 Nd7 46. Kd4
Nf6 47. Kc5 Ne4+ 48. Kd4 Nf6 49. Nc4 Nd7 50. Nb2 Nf6 51. Nd3 Nd7 52. Nc5 Nxc5
53. Kxc5 Kd7 54. Kc4 Kc6 55. Kd4 Kd6 56. e4 fxe4 57. Kxe4 Ke7 58. Ke5 Kf7 59.
f5 exf5 60. Kxf5 1/2-1/2

[Event "Eastman Gent Open 2018"]
[Site "KGSRL Gent"]
[Date "2018.07.17"]
[Round "8.2"]
[White "Kett, Tim"]
[Black "Moradiabadi, Elshan"]
[Result "0-1"]
[WhiteElo "2231"]
[BlackElo "2538"]
[PlyCount "112"]
[EventDate "2018.??.??"]

1. e4 c6 2. d4 d5 3. exd5 cxd5 4. c4 Nf6 5. Nc3 g6 6. cxd5 Nxd5 7. Qb3 Nb6 8.
Bb5+ Bd7 9. Nf3 Bg7 10. O-O O-O 11. Bg5 Bxb5 12. Qxb5 Nc6 13. Rad1 Qd6 14. d5
Ne5 15. Nxe5 Qxe5 16. Bh4 Rfe8 17. Bg3 Qf5 18. a4 Bxc3 19. bxc3 Qd7 20. Qxd7
Nxd7 21. Rb1 b6 22. a5 Rec8 23. Rfe1 Kf8 24. Re3 Rc5 25. Rbe1 Rxd5 26. axb6
axb6 27. Rxe7 Rc8 28. R7e3 h5 29. h4 Nc5 30. Rb1 Rc6 31. Be5 Ne6 32. c4 Rxc4
33. Rxb6 Rd1+ 34. Kh2 Rxh4+ 35. Kg3 Rg4+ 36. Kh2 Rh4+ 37. Kg3 Rc4 38. Bf6 Rc8
39. Rb7 Kg8 40. Ra3 Rdc1 41. Raa7 R1c7 42. Rxc7 Nxc7 43. Kh4 Nd5 44. Ba1 Kf8
45. g4 Rc4 46. f3 hxg4 47. fxg4 Ne3 48. Bf6 Rxg4+ 49. Kh3 Re4 50. Ra8+ Re8 51.
Bg7+ Ke7 52. Ra7+ Ke6 53. Ra6+ Kd5 54. Ra5+ Ke4 55. Ra7 f5 56. Ra6 g5 0-1

[Event "Eastman Gent Open 2018"]
[Site "KGSRL Gent"]
[Date "2018.07.17"]
[Round "8.3"]
[White "Hamblok, Roel"]
[Black "Michiels, Bart"]
[Result "0-1"]
[WhiteElo "2286"]
[BlackElo "2554"]
[PlyCount "48"]
[EventDate "2018.??.??"]

1. e4 d6 2. d4 Nf6 3. Nc3 e5 4. Nge2 Be7 5. g3 c6 6. a4 a5 7. Bg2 Na6 8. O-O
Nb4 9. h3 O-O 10. Be3 exd4 11. Bxd4 d5 12. e5 Ne8 13. f4 f6 14. g4 fxe5 15.
Bxe5 Bc5+ 16. Nd4 Nd6 17. Bxd6 Qxd6 18. Nce2 Bxd4+ 19. Nxd4 Rxf4 20. c3 Rxf1+
21. Qxf1 Na6 22. Re1 Bd7 23. Nf5 Bxf5 24. Qxf5 Rf8 0-1

[Event "Eastman Gent Open 2018"]
[Site "KGSRL Gent"]
[Date "2018.07.17"]
[Round "8.4"]
[White "Abolianin, Arthur"]
[Black "Docx, Stefan"]
[Result "0-1"]
[WhiteElo "2327"]
[BlackElo "2450"]
[PlyCount "92"]
[EventDate "2018.??.??"]

1. c4 e5 2. g3 Nf6 3. Bg2 Nc6 4. Nf3 Bc5 5. O-O d6 6. Nc3 a6 7. d3 h6 8. a3 O-O
9. b4 Ba7 10. Bb2 Re8 11. Nd5 Bg4 12. e3 Nxd5 13. cxd5 Ne7 14. Qb3 Qd7 15. Rfe1
Bh5 16. Rac1 f6 17. Qc4 Bb6 18. Nd2 Bf7 19. e4 a5 20. Qc2 axb4 21. axb4 c6 22.
Nc4 Ba7 23. dxc6 Nxc6 24. Bc3 Nd4 25. Qd1 Rec8 26. Ne3 Nb5 27. Bd2 Rxc1 28.
Bxc1 Nd4 29. Bb2 h5 30. Nd5 Rc8 31. Bc1 b5 32. Be3 Nc2 33. Bxa7 Bxd5 34. Re2
Qxa7 35. exd5 Nd4 36. Rb2 Qa3 37. Rb1 g6 38. Bh3 Rc3 39. Be6+ Kg7 40. Ra1 Rxd3
41. Qf1 Qb3 42. Ra7+ Kh6 43. Qc1+ g5 44. Qc7 Qd1+ 45. Kg2 Rxg3+ 46. hxg3 Qf3+
0-1

[Event "Eastman Gent Open 2018"]
[Site "KGSRL Gent"]
[Date "2018.07.17"]
[Round "8.5"]
[White "Sarrau, Jelle"]
[Black "Arman, Deniz"]
[Result "1/2-1/2"]
[WhiteElo "2366"]
[BlackElo "2366"]
[PlyCount "27"]
[EventDate "2018.??.??"]

1. Nf3 Nf6 2. c4 g6 3. g3 Bg7 4. Bg2 O-O 5. O-O d5 6. cxd5 Nxd5 7. d4 Nb6 8.
Nc3 Nc6 9. d5 Na5 10. e4 c6 11. Bf4 cxd5 12. Nxd5 Nxd5 13. exd5 Nc4 14. Qe2
1/2-1/2

[Event "Eastman Gent Open 2018"]
[Site "KGSRL Gent"]
[Date "2018.07.17"]
[Round "8.6"]
[White "Quillan, Gary"]
[Black "Foisor, Sabina"]
[Result "1/2-1/2"]
[WhiteElo "2349"]
[BlackElo "2285"]
[PlyCount "138"]
[EventDate "2018.??.??"]

1. e4 c6 2. d4 d5 3. exd5 cxd5 4. c4 Nf6 5. Nc3 g6 6. Qb3 Bg7 7. cxd5 O-O 8.
Be2 Nbd7 9. Bf3 Nb6 10. Nge2 Bg4 11. Bxg4 Nxg4 12. a4 a5 13. Bf4 Nf6 14. d6
exd6 15. O-O Nh5 16. Be3 d5 17. Nf4 Nf6 18. Nd3 Nc4 19. Ne5 Nxe5 20. dxe5 Ng4
21. Bc5 Nxh2 22. Kxh2 Qh4+ 23. Kg1 Bxe5 24. f4 Bxf4 25. Rxf4 Qxf4 26. Nxd5 Qe5
27. Rd1 Rfd8 28. Bb6 Rd6 29. Bc7 Rad8 30. Bxd8 Rxd8 31. Qxb7 Kg7 32. Qb5 Qh5
33. Qb3 f6 34. Qb7+ Kh6 35. Rd3 Qe5 36. Rh3+ Kg5 37. Ne3 h5 38. Qb5 Qxb5 39.
axb5 Rb8 40. Rg3+ Kh6 41. Nc4 Rxb5 42. Ra3 Rb4 43. Rc3 Kg5 44. Kf2 Kf4 45. Ke2
a4 46. Kd3 Kg3 47. Rc2 h4 48. Kc3 Rb8 49. Kd4 h3 50. gxh3 Kxh3 51. Rc3+ Kg2 52.
Ra3 f5 53. Rxa4 f4 54. Ra5 Rg8 55. Rg5+ Kh3 56. b4 Kh4 57. Rg1 g5 58. b5 f3 59.
Ne3 g4 60. b6 f2 61. Rh1+ Kg3 62. Kc5 Kf3 63. Nxg4 Rxg4 64. b7 Rg8 65. Kc6 Kg2
66. Rb1 f1=Q 67. Rxf1 Kxf1 68. Kc7 Rg7+ 69. Kc8 Rxb7 1/2-1/2

[Event "Eastman Gent Open 2018"]
[Site "KGSRL Gent"]
[Date "2018.07.17"]
[Round "8.7"]
[White "Zhurov, Sergey"]
[Black "Guelsen, Taylan"]
[Result "1-0"]
[WhiteElo "2312"]
[BlackElo "2180"]
[PlyCount "61"]
[EventDate "2018.??.??"]

1. e4 e5 2. Nf3 Nc6 3. Bb5 a6 4. Ba4 Nf6 5. O-O Be7 6. d3 b5 7. Bb3 d6 8. a4
Bb7 9. Bd2 O-O 10. axb5 axb5 11. Na3 Na7 12. Re1 c5 13. c3 Qb6 14. Nh4 Bc8 15.
Qf3 Be6 16. Bxe6 fxe6 17. Qh3 Kf7 18. Nf3 h6 19. d4 Nc6 20. dxc5 dxc5 21. Qg3
g5 22. Rad1 g4 23. Nh4 Rh8 24. f4 gxf3 25. Qg6+ Kf8 26. Bxh6+ Rxh6 27. Qxh6+
Kf7 28. Qg6+ Kf8 29. Nxf3 c4+ 30. Kh1 Ne8 31. Rf1 1-0

[Event "Eastman Gent Open 2018"]
[Site "KGSRL Gent"]
[Date "2018.07.17"]
[Round "8.8"]
[White "Lacrosse, Marc"]
[Black "Froeyman, Helmut"]
[Result "0-1"]
[WhiteElo "2129"]
[BlackElo "2290"]
[PlyCount "110"]
[EventDate "2018.??.??"]

1. d4 f5 2. g3 Nf6 3. Bg2 e6 4. c4 d5 5. Nh3 c6 6. Qc2 Bd6 7. O-O O-O 8. Bf4
Be7 9. Nd2 h6 10. Bxb8 Rxb8 11. Nf4 Bd6 12. Ng6 Rf7 13. Nf3 b6 14. Rac1 Rc7 15.
c5 bxc5 16. dxc5 Bf8 17. Rfd1 Qe8 18. Nxf8 Qxf8 19. Ne5 Nd7 20. Qc3 Qf6 21.
Nxd7 Qxc3 22. Rxc3 Rxd7 23. b3 Kf7 24. e3 a5 25. Rd4 Rb4 26. f4 Ra7 27. Kf2 Ba6
28. Bf1 Bxf1 29. Kxf1 Kf6 30. Ke2 g5 31. Kd3 e5 32. fxe5+ Kxe5 33. Rc2 Re7 34.
Rf2 Rb5 35. Rc2 Kf6 36. Rc3 Rb4 37. a3 Rxd4+ 38. exd4 f4 39. g4 h5 40. h3 hxg4
41. hxg4 Ke6 42. Rc2 Kd7 43. Re2 Rxe2 44. Kxe2 a4 45. b4 Kc7 46. Kd3 Kb7 47.
Kc3 Ka7 48. Kc2 Ka6 49. Kc3 Kb5 50. Kd3 f3 51. Ke3 Kc4 52. Kxf3 Kxd4 53. Ke2
Kc4 54. Kd2 Kd4 55. Ke2 Kc4 0-1

[Event "Eastman Gent Open 2018"]
[Site "KGSRL Gent"]
[Date "2018.07.17"]
[Round "8.9"]
[White "Feelders, Ad"]
[Black "Lammens, Tim"]
[Result "0-1"]
[WhiteElo "2020"]
[BlackElo "2293"]
[PlyCount "76"]
[EventDate "2018.??.??"]

1. e4 c5 2. c3 d5 3. exd5 Qxd5 4. d4 g6 5. Nf3 Bg7 6. Na3 cxd4 7. Bc4 Qe4+ 8.
Be3 Nh6 9. cxd4 O-O 10. Nb5 Nc6 11. Nc3 Qg4 12. h3 Qh5 13. Be2 Qa5 14. O-O Nf5
15. a3 Rd8 16. b4 Qb6 17. Na4 Qc7 18. Rc1 Qd6 19. Bc4 Ncxd4 20. Nxd4 Nxd4 21.
Bxd4 Bxd4 22. Qb3 Qf6 23. Nc3 e6 24. Nb5 Bb6 25. Rcd1 a6 26. Nd6 Bd4 27. Nxc8
Raxc8 28. a4 Qh4 29. Rd3 Kg7 30. Kh1 Rd6 31. Rf3 Rdc6 32. Bd3 Rc3 33. Qa2 Be5
34. b5 a5 35. Qe2 R8c5 36. Be4 b6 37. Rxc3 Rxc3 38. Bf3 Qf4 0-1

[Event "Eastman Gent Open 2018"]
[Site "KGSRL Gent"]
[Date "2018.07.17"]
[Round "8.10"]
[White "Stone, Andrew"]
[Black "Vermaat, Marcel"]
[Result "0-1"]
[WhiteElo "2157"]
[BlackElo "2138"]
[PlyCount "54"]
[EventDate "2018.??.??"]

1. c4 Nf6 2. Nc3 g6 3. g3 Bg7 4. Bg2 O-O 5. d4 d6 6. Nf3 Nbd7 7. O-O a6 8. Qc2
Rb8 9. a4 c5 10. Rd1 cxd4 11. Nxd4 Qc7 12. Nd5 Nxd5 13. cxd5 Qxc2 14. Nxc2 Nc5
15. Ra3 Bd7 16. a5 Ba4 17. Rd2 Rfc8 18. Na1 Bd7 19. Rc2 Na4 20. b3 Nc3 21. Bg5
Rc7 22. Bxe7 Bb5 23. Bxd6 Nxe2+ 24. Kh1 Rxc2 25. Nxc2 Rc8 26. Ra2 Nc1 27. Bh3
f5 0-1

[Event "Eastman Gent Open 2018"]
[Site "KGSRL Gent"]
[Date "2018.07.17"]
[Round "8.11"]
[White "Muradet Casadevall, Albert"]
[Black "James, David J"]
[Result "1/2-1/2"]
[WhiteElo "2148"]
[BlackElo "2122"]
[PlyCount "41"]
[EventDate "2018.??.??"]

1. e4 c5 2. c3 d5 3. exd5 Qxd5 4. d4 Nc6 5. Nf3 Bg4 6. Be2 cxd4 7. cxd4 e6 8.
O-O Nf6 9. Nc3 Qa5 10. a3 Bd6 11. h3 Bh5 12. Be3 O-O 13. Qb3 Ne7 14. Qb5 Qxb5
15. Nxb5 Bb8 16. Bg5 Nfd5 17. Bxe7 Nxe7 18. g4 Bg6 19. Ne5 a6 20. Nc3 Ba7 21.
Rfd1 1/2-1/2